[Event "Algiers op 4th"]
[Site "Algiers"]
[Date "2016.02.24"]
[Round "5"]
[White "Fargere, Francois"]
[Black "Saheb, Kamel"]
[Result "1-0"]
[WhiteElo "2425"]
[BlackElo "1981"]
[PlyCount "67"]
[EventDate "2016.02.21"]
[EventType "swiss"]
[EventRounds "9"]
[EventCountry "ALG"]
[SourceTitle "CBM 171 Extra"]
[Source "ChessBase"]
[SourceDate "2016.04.26"]
[SourceVersion "1"]
[SourceVersionDate "2016.04.26"]
[SourceQuality "1"]

1. e4 d5 2. exd5 Qxd5 3. Nc3 Qd6 4. d4 Nf6 5. Nf3 a6 6. g3 Bg4 7. h3 Bxf3 8. Qxf3 Nc6 9. Be3 e6 10. 0-0-0 Be7 11. Bg2 0-0 12. g4 Nb4 13. Bf4 Qd7 14. Kb1 Bd6 15. Bg5 Be7 16. Bf4 c6 17. g5 Nfd5 18. Bc1 Nxc3+ 19. Qxc3 Rfc8 20. h4 Nd5 21. Qf3 b5 22. h5 Rab8 23. g6 Bf8 24. Bh3 f5 25. gxh7+ Kh8 26. Rhg1 b4 27. h6 Nc3+ 28. bxc3 bxc3+ 29. Ka1 Qb7 30. hxg7+ Bxg7 31. Ba3 Qb5 32. Qg3 Bh6 33. Rb1 f4 34. Qg6 1-0

[Event "Algiers op 4th"]
[Site "Algiers"]
[Date "2016.02.22"]
[Round "2"]
[White "Moulay, Mehdi"]
[Black "Fargere, Francois"]
[Result "0-1"]
[WhiteElo "1959"]
[BlackElo "2425"]
[PlyCount "48"]
[EventDate "2016.02.21"]
[EventType "swiss"]
[EventRounds "9"]
[EventCountry "ALG"]
[SourceTitle "CBM 171 Extra"]
[Source "ChessBase"]
[SourceDate "2016.04.26"]
[SourceVersion "1"]
[SourceVersionDate "2016.04.26"]
[SourceQuality "1"]

1. d4 d5 2. Bg5 f6 3. Bf4 Nc6 4. e3 e5 5. Bg3 Bd6 6. Bb5 Nge7 7. dxe5 fxe5 8. Nc3 a6 9. Ba4 b5 10. Bb3 Bb4 11. Qf3 Be6 12. Bh4 Qd7 13. Bxe7 Nxe7 14. h3 e4 15. Qh5+ Bf7 16. Qe5 0-0 17. Nge2 Bd6 18. Qg5 h6 19. Qg4 Be6 20. Qh4 c5 21. a3 c4 22. Ba2 Rf5 23. Nd4 Rg5 24. 0-0 Ng6 0-1

[Event "Algiers op 4th"]
[Site "Algiers"]
[Date "2016.02.21"]
[Round "1"]
[White "Fargere, Francois"]
[Black "Harbouche, Samir"]
[Result "1-0"]
[WhiteElo "2425"]
[BlackElo "1719"]
[PlyCount "71"]
[EventDate "2016.02.21"]
[EventType "swiss"]
[EventRounds "9"]
[EventCountry "ALG"]
[SourceTitle "CBM 171 Extra"]
[Source "ChessBase"]
[SourceDate "2016.04.26"]
[SourceVersion "1"]
[SourceVersionDate "2016.04.26"]
[SourceQuality "1"]

1. Nf3 d5 2. g3 Nf6 3. Bg2 c6 4. 0-0 e6 5. d4 Be7 6. c4 0-0 7. Nbd2 Nbd7 8. Qc2 Qc7 9. b3 Re8 10. Bb2 Bf8 11. Rfe1 Bb4 12. a3 Bd6 13. e4 dxe4 14. Ng5 Nf8 15. Ngxe4 Be7 16. Nxf6+ Bxf6 17. Ne4 Be7 18. Qc3 f6 19. Rad1 a5 20. h4 Bd8 21. Qd2 f5 22. Ng5 Bf6 23. d5 cxd5 24. cxd5 Bxb2 25. Qxb2 Ra6 26. dxe6 h6 27. Rc1 Qe7 28. Nh3 Rd6 29. Nf4 Red8 30. Qe5 g5 31. hxg5 hxg5 32. Nd5 Qxe6 33. Qc3 Qh6 34. Ne7+ Kh7 35. Nxc8 Rxc8 36. Re7+ 1-0

[Event "EU-ch blitz"]
[Site "Minsk"]
[Date "2015.12.18"]
[Round "16.27"]
[White "Aleksandrov, Aleksej"]
[Black "Fargere, Francois"]
[Result "1-0"]
[WhiteElo "2615"]
[BlackElo "2424"]
[PlyCount "67"]
[EventDate "2015.12.18"]
[EventType "swiss (blitz)"]
[EventRounds "22"]
[EventCountry "BLR"]
[SourceTitle "EXT 2017"]
[Source "ChessBase"]
[SourceDate "2016.10.25"]
[SourceVersion "1"]
[SourceVersionDate "2016.10.25"]
[SourceQuality "1"]

1. d4 d5 2. c4 c6 3. e3 Nf6 4. Nf3 Bg4 5. h3 Bh5 6. Nc3 e6 7. g4 Bg6 8. Ne5 Nbd7 9. h4 dxc4 10. Nxg6 hxg6 11. g5 Nd5 12. Bxc4 Be7 13. Qf3 Nb4 14. Kf1 Qc7 15. a3 Nd5 16. e4 N5b6 17. Ba2 Rf8 18. Bf4 Bd6 19. Be3 0-0-0 20. Rc1 a6 21. b4 Kb8 22. Kg2 Rc8 23. h5 gxh5 24. Rxh5 Qd8 25. Rh7 f5 26. Rxg7 f4 27. Bd2 e5 28. d5 Rg8 29. Rxg8 Qxg8 30. Qg4 cxd5 31. Nxd5 Rxc1 32. Bxc1 Nxd5 33. Bxd5 Nb6 34. Bxg8 1-0

[Event "EU-ch blitz"]
[Site "Minsk"]
[Date "2015.12.18"]
[Round "5.23"]
[White "Popov, Valerij"]
[Black "Fargere, Francois"]
[Result "1-0"]
[WhiteElo "2528"]
[BlackElo "2424"]
[PlyCount "67"]
[EventDate "2015.12.18"]
[EventType "swiss (blitz)"]
[EventRounds "22"]
[EventCountry "BLR"]
[SourceTitle "EXT 2017"]
[Source "ChessBase"]
[SourceDate "2016.10.25"]
[SourceVersion "1"]
[SourceVersionDate "2016.10.25"]
[SourceQuality "1"]

1. Nf3 d5 2. c4 c6 3. e3 Nf6 4. Nc3 a6 5. b3 Bg4 6. h3 Bh5 7. Bb2 Nbd7 8. g4 Bg6 9. Nh4 e6 10. Nxg6 hxg6 11. Rc1 Bd6 12. d4 g5 13. Bg2 Qe7 14. 0-0 Rd8 15. c5 Bc7 16. f4 Nh7 17. Qd3 Ndf8 18. b4 Ng6 19. f5 Nh4 20. fxe6 Qxe6 21. e4 dxe4 22. Bxe4 Nf6 23. Rce1 Kf8 24. Bf5 Qxe1 25. Rxe1 g6 26. d5 Nxd5 27. Nxd5 Rxd5 28. Qc3 Rg8 29. Be4 Re5 30. Bh1 f6 31. Qd2 Rxe1+ 32. Qxe1 Kf7 33. Qf1 Re8 34. Qxf6+ 1-0

[Event "Mediterranean-ch 10th"]
[Site "Beirut"]
[Date "2015.10.25"]
[Round "9"]
[White "Fargere, Francois"]
[Black "Haddouche, Mohamed Amine"]
[Result "1/2-1/2"]
[WhiteElo "2421"]
[BlackElo "2479"]
[PlyCount "25"]
[EventDate "2015.10.16"]
[EventType "swiss"]
[EventRounds "9"]
[EventCountry "LBN"]
[SourceTitle "EXT 2018"]
[Source "ChessBase"]
[SourceDate "2017.10.13"]
[SourceVersion "1"]
[SourceVersionDate "2017.10.13"]
[SourceQuality "1"]

1. e4 e5 2. Nf3 Nc6 3. Bb5 a6 4. Bxc6 dxc6 5. 0-0 f6 6. d4 Bg4 7. dxe5 Qxd1 8. Rxd1 fxe5 9. Nbd2 0-0-0 10. Re1 Bd6 11. h3 Bh5 12. Nh4 Bf7 13. Ndf3 1/2-1/2

[Event "Mediterranean-ch 10th"]
[Site "Beirut"]
[Date "2015.10.24"]
[Round "8"]
[White "Adly, Ahmed"]
[Black "Fargere, Francois"]
[Result "1/2-1/2"]
[WhiteElo "2596"]
[BlackElo "2421"]
[PlyCount "81"]
[EventDate "2015.10.16"]
[EventType "swiss"]
[EventRounds "9"]
[EventCountry "LBN"]
[SourceTitle "EXT 2018"]
[Source "ChessBase"]
[SourceDate "2017.10.13"]
[SourceVersion "1"]
[SourceVersionDate "2017.10.13"]
[SourceQuality "1"]

1. Nf3 d5 2. g3 c6 3. Bg2 Bf5 4. 0-0 e6 5. d3 Nf6 6. b3 Be7 7. Bb2 0-0 8. Nh4 Bg4 9. Nd2 Nbd7 10. h3 Bh5 11. g4 Ne8 12. Nhf3 Bg6 13. e4 Nc7 14. Qe2 a5 15. a3 dxe4 16. dxe4 Bc5 17. Nc4 Qe7 18. Kh1 h6 19. Nfe5 Nxe5 20. Nxe5 Bh7 21. f4 Nb5 22. g5 hxg5 23. Qh5 f6 24. fxg5 fxe5 25. g6 Bxg6 26. Qxg6 Bd4 27. c3 Nxc3 28. Bxc3 Bxc3 29. Rxf8+ Rxf8 30. Rf1 Rxf1+ 31. Bxf1 b5 32. a4 bxa4 33. bxa4 Qf7 34. Qxf7+ Kxf7 35. Kg2 Ke7 36. Kf3 Kd6 37. Ba6 Kc5 38. Ke3 Kb4 39. Kd3 Bd4 40. Bc4 Kxa4 41. Bxe6 1/2-1/2

[Event "Mediterranean-ch 10th"]
[Site "Beirut"]
[Date "2015.10.22"]
[Round "6"]
[White "Haznedaroglu, Kivanc"]
[Black "Fargere, Francois"]
[Result "1/2-1/2"]
[WhiteElo "2466"]
[BlackElo "2421"]
[PlyCount "88"]
[EventDate "2015.10.16"]
[EventType "swiss"]
[EventRounds "9"]
[EventCountry "LBN"]
[SourceTitle "EXT 2018"]
[Source "ChessBase"]
[SourceDate "2017.10.13"]
[SourceVersion "1"]
[SourceVersionDate "2017.10.13"]
[SourceQuality "1"]

1. d4 d5 2. c4 c6 3. Nf3 Nf6 4. Qc2 dxc4 5. Qxc4 Bf5 6. g3 e6 7. Bg2 Nbd7 8. 0-0 Be7 9. e3 0-0 10. Qe2 Qc7 11. Nc3 e5 12. h3 Ne4 13. Rd1 Rfe8 14. Bd2 Nxd2 15. Rxd2 exd4 16. Nxd4 Bg6 17. Rc1 Nf6 18. Qc4 Qb6 19. a3 Bf8 20. b4 a5 21. Na4 Qa7 22. Nc5 axb4 23. axb4 Ne4 24. Nxe4 Bxe4 25. b5 Bxg2 26. Kxg2 Qa5 27. Rcc2 cxb5 28. Nxb5 Rad8 29. Rd5 Qb6 30. Rxd8 Qxd8 31. Rc3 Re7 32. Rd3 Rd7 33. Rd4 Qe8 34. Qd3 Re7 35. Nc3 Qc6+ 36. Nd5 Re8 37. Rc4 Bc5 38. Kh2 b6 39. Rg4 Re5 40. Nc3 h5 41. Rf4 Qd6 42. Qc4 Qe6 43. Qd3 Qd6 44. Qc4 Qe6 1/2-1/2

[Event "Mediterranean-ch 10th"]
[Site "Beirut"]
[Date "2015.10.21"]
[Round "5"]
[White "Fargere, Francois"]
[Black "Ishoo, Younan"]
[Result "1-0"]
[WhiteElo "2421"]
[BlackElo "2070"]
[PlyCount "193"]
[EventDate "2015.10.16"]
[EventType "swiss"]
[EventRounds "9"]
[EventCountry "LBN"]
[SourceTitle "EXT 2018"]
[Source "ChessBase"]
[SourceDate "2017.10.13"]
[SourceVersion "1"]
[SourceVersionDate "2017.10.13"]
[SourceQuality "1"]

1. e4 c6 2. d4 d5 3. Nc3 dxe4 4. Nxe4 Nf6 5. Nxf6+ exf6 6. c3 Bd6 7. Bd3 0-0 8. Qc2 h6 9. Ne2 Re8 10. 0-0 Nd7 11. Be3 Nf8 12. Rfe1 Bg4 13. Ng3 Qc7 14. Kh1 Rad8 15. Nf5 Bf4 16. Bxf4 Qxf4 17. Ng3 Bc8 18. Kg1 Ne6 19. Re4 Qc7 20. Rae1 g6 21. Bc4 Kg7 22. R4e2 Bd7 23. Nf1 Qb8 24. Nd2 a5 25. a3 b5 26. Ba2 Qf4 27. Qe4 Qd6 28. Qc2 Qf4 29. Bxe6 Rxe6 30. Rxe6 Bxe6 31. Nf1 h5 32. Qc1 Qd6 33. Qe3 Re8 34. h3 a4 35. Qd2 Rd8 36. Qc1 c5 37. dxc5 Qxc5 38. Rd1 Rxd1 39. Qxd1 Qg5 40. Qd2 Bc4 41. Ne3 Be6 42. Nf1 Bd5 43. f3 Qxd2 44. Nxd2 f5 45. f4 h4 46. Kf2 Kf6 47. Nf1 g5 48. Ne3 Be6 49. fxg5+ Kxg5 50. g3 hxg3+ 51. Kxg3 Kf6 52. Ng2 Bc4 53. h4 Kg6 54. Nf4+ Kf6 55. Kf2 Ke5 56. Ke3 Kf6 57. Kd4 Be6 58. Kc5 Bc4 59. Kd6 Be6 60. Kc6 Bc4 61. Kd7 Be6+ 62. Ke8 Kg7 63. Ke7 Bc4 64. Kd6 Kf6 65. Kc5 Kg7 66. Kd4 Kf6 67. Ke3 Ke5 68. h5 Kf6 69. h6 Bf1 70. Kd4 Bc4 71. Kc5 Bf1 72. Kd6 Bc4 73. Kd7 Be6+ 74. Ke8 Bc4 75. Kf8 Kg5 76. h7 Kxf4 77. h8Q Kf3 78. Qh3+ Ke4 79. Qg2+ Ke3 80. Qg3+ Ke4 81. Ke7 f4 82. Qf2 f3 83. Qd4+ Kf5 84. Kd6 Be2 85. Qh4 Bc4 86. Kc5 Ke5 87. Qd4+ Kf5 88. Qe3 Kg4 89. Kd4 Kg3 90. Qg1+ Kf4 91. Qh2+ Kf5 92. Ke3 Be2 93. Qh5+ Ke6 94. Ke4 Ke7 95. Qe5+ Kd7 96. Qf6 Bc4 97. Kxf3 1-0

[Event "Mediterranean-ch 10th"]
[Site "Beirut"]
[Date "2015.10.17"]
[Round "2"]
[White "Shamieh, Jamal"]
[Black "Fargere, Francois"]
[Result "1/2-1/2"]
[WhiteElo "2124"]
[BlackElo "2421"]
[PlyCount "25"]
[EventDate "2015.10.16"]
[EventType "swiss"]
[EventRounds "9"]
[EventCountry "LBN"]
[SourceTitle "EXT 2018"]
[Source "ChessBase"]
[SourceDate "2017.10.13"]
[SourceVersion "1"]
[SourceVersionDate "2017.10.13"]
[SourceQuality "1"]

1. d4 Nf6 2. Nf3 e6 3. c4 c5 4. Nc3 cxd4 5. Nxd4 Bb4 6. a3 Bxc3+ 7. bxc3 a6 8. g3 Qa5 9. Nb3 Qc7 10. c5 0-0 11. Bg2 Nc6 12. 0-0 Ne8 13. Be3 1/2-1/2

[Event "FRA-chT Top 12"]
[Site "Montpellier"]
[Date "2015.06.05"]
[Round "7.6"]
[White "Edouard, Romain"]
[Black "Fargere, Francois"]
[Result "1-0"]
[WhiteElo "2627"]
[BlackElo "2418"]
[PlyCount "97"]
[EventDate "2015.05.30"]
[EventType "team-tourn"]
[EventRounds "11"]
[EventCountry "FRA"]
[SourceTitle "CBM 166 Extra"]
[Source "ChessBase"]
[SourceDate "2015.06.18"]
[SourceVersion "1"]
[SourceVersionDate "2015.06.18"]
[SourceQuality "1"]
[WhiteTeam "Bischwiller"]
[BlackTeam "Evry Grand Roque"]
[WhiteTeamCountry "FRA"]
[BlackTeamCountry "FRA"]

1. Nf3 Nf6 2. c4 c6 3. Nc3 d5 4. e3 a6 5. h3 e6 6. Qc2 c5 7. a3 dxc4 8. Bxc4 b5 9. Be2 Bb7 10. 0-0 Nbd7 11. a4 b4 12. Nb1 Rc8 13. d3 Bd6 14. Nbd2 Ne5 15. Nxe5 Bxe5 16. Nc4 Bb8 17. f4 0-0 18. b3 Nd7 19. Bb2 Nb6 20. Na5 Ba8 21. Bf3 Bd6 22. Bxa8 Nxa8 23. Nc4 Nb6 24. a5 Nxc4 25. Qxc4 Rc6 26. Qe4 Rc7 27. f5 exf5 28. Rxf5 Qe7 29. Qxe7 Bxe7 30. Kf2 Rd8 31. Ke2 f6 32. Rc1 Rcd7 33. d4 g6 34. Rff1 f5 35. Rc2 Rd5 36. Rfc1 R8d7 37. Rc4 Kf7 38. Kf3 cxd4 39. Rxd4 Rxd4 40. Bxd4 Rd5 41. Bb6 Rd3 42. Rc7 Ke6 43. Ra7 Rxb3 44. Rxa6 Kd5 45. Ra8 Ra3 46. a6 b3 47. Bd4 Bd6 48. a7 f4 49. Bb2 1-0

[Event "EU-ch rapid"]
[Site "Wroclaw"]
[Date "2014.12.20"]
[Round "7"]
[White "Strozyk, Tomasz"]
[Black "Fargere, Francois"]
[Result "1/2-1/2"]
[WhiteElo "2227"]
[BlackElo "2418"]
[PlyCount "120"]
[EventDate "2014.12.20"]
[EventType "swiss (rapid)"]
[EventRounds "11"]
[EventCountry "POL"]
[SourceTitle "CBM 164 Extra"]
[Source "ChessBase"]
[SourceDate "2015.03.02"]
[SourceVersion "1"]
[SourceVersionDate "2015.03.02"]
[SourceQuality "1"]

1. d4 d5 2. Nf3 Nf6 3. Bg5 Ne4 4. Bf4 g6 5. e3 Bg7 6. c3 0-0 7. h4 c5 8. h5 Qb6 9. Qb3 Nc6 10. Nbd2 Nxd2 11. Nxd2 e5 12. dxe5 Nxe5 13. Be2 Be6 14. Qxb6 axb6 15. a3 Bf5 16. Bxe5 Bxe5 17. Nf3 Bf6 18. Rd1 Rad8 19. hxg6 hxg6 20. 0-0 Rd6 21. Rd2 Rfd8 22. Rfd1 Kf8 23. Kf1 Ke7 24. Bd3 Bg4 25. Be2 Be6 26. Kg1 g5 27. Rc1 g4 28. Nh2 Rg8 29. Nf1 Be5 30. Rdd1 f5 31. f4 Bf6 32. g3 Rh8 33. Kf2 Rdd8 34. Rc2 d4 35. Rcc1 Bb3 36. Rd2 dxc3 37. bxc3 Rh2+ 38. Ke1 Rxd2 39. Nxh2 Ra2 40. e4 fxe4 41. Nxg4 Bg7 42. Ne3 Ra1 43. Nf5+ Kf8 44. Kd2 Rxc1 45. Kxc1 Bxc3 46. Nd6 e3 47. g4 Bd5 48. g5 Ke7 49. Nf5+ Kf7 50. Nxe3 Be4 51. Bh5+ Kg7 52. Kd1 b5 53. Ke2 b4 54. axb4 cxb4 55. f5 b3 56. f6+ Bxf6 57. gxf6+ Kxf6 58. Nd1 Ke5 59. Ke3 Bc2 60. Nb2 b5 1/2-1/2

[Event "FRA-chT Top 12"]
[Site "Saint Quentin"]
[Date "2014.06.03"]
[Round "11.8"]
[White "Fargere, Francois"]
[Black "Nicoara, Malina"]
[Result "1-0"]
[WhiteElo "2407"]
[BlackElo "2108"]
[PlyCount "83"]
[EventDate "2014.05.24"]
[EventType "team-tourn"]
[EventRounds "11"]
[EventCountry "FRA"]
[SourceTitle "CBM 160 Extra"]
[Source "ChessBase"]
[SourceDate "2014.07.01"]
[SourceVersion "1"]
[SourceVersionDate "2014.07.01"]
[SourceQuality "1"]
[WhiteTeam "Evry Grand Roque"]
[BlackTeam "Strasbourg"]
[WhiteTeamCountry "FRA"]
[BlackTeamCountry "FRA"]

1. e4 c5 2. Nf3 Nc6 3. Bb5 d6 4. d4 cxd4 5. Qxd4 Bd7 6. Bxc6 Bxc6 7. Nc3 Nf6 8. Bg5 e6 9. 0-0-0 Be7 10. Qd3 0-0 11. Nd4 Qa5 12. f4 Rfd8 13. Kb1 a6 14. h4 Rac8 15. Qe2 Qc7 16. g4 Rd7 17. f5 e5 18. Nb3 b5 19. Bxf6 Bxf6 20. g5 Be7 21. Rh2 f6 22. g6 h6 23. Qd3 Bf8 24. Rhd2 Ba8 25. Nd5 Qd8 26. Qe3 Rc4 27. Rd3 Rb7 28. Nd2 Rc5 29. Nf1 Qc8 30. Qe2 a5 31. Nfe3 Qb8 32. Rc3 Ra7 33. Rb3 Bc6 34. a3 Qc8 35. Kc1 b4 36. axb4 axb4 37. Rxb4 Ra2 38. Qd3 Raa5 39. Qb3 Bxd5 40. Rxd5 Rxd5 41. Nxd5 Kh8 42. Rb8 1-0

[Event "Capablanca Memorial op 49th"]
[Site "Havana"]
[Date "2014.05.12"]
[Round "5"]
[White "Fargere, Francois"]
[Black "Barros Rivadeneira, Cristhian"]
[Result "1/2-1/2"]
[WhiteElo "2407"]
[BlackElo "2273"]
[PlyCount "81"]
[EventDate "2014.04.08"]
[EventType "swiss"]
[EventRounds "10"]
[EventCountry "CUB"]
[SourceTitle "CBM 160 Extra"]
[Source "ChessBase"]
[SourceDate "2014.07.01"]
[SourceVersion "1"]
[SourceVersionDate "2014.07.01"]
[SourceQuality "1"]

1. e4 c5 2. Nf3 Nc6 3. Bb5 g6 4. Bxc6 dxc6 5. d3 Bg7 6. h3 Nf6 7. Nc3 Nd7 8. Be3 e5 9. Qd2 h6 10. 0-0 Qe7 11. Nh2 Nf8 12. f4 exf4 13. Bxf4 Ne6 14. Bg3 Nd4 15. Rae1 h5 16. e5 Bf5 17. Nf3 0-0-0 18. Ne4 Bxe4 19. Rxe4 Nf5 20. Bf2 b6 21. a3 f6 22. e6 Nd6 23. Re2 Nc4 24. Qc3 Ne5 25. Bg3 Rhf8 26. Nxe5 fxe5 27. Rxf8 Rxf8 28. Bxe5 Qxe6 29. Re4 Bxe5 30. Rxe5 Qf7 31. Qe1 Kd7 32. Kh2 Qf4+ 33. Qg3 Kd6 34. Re4 Qxg3+ 35. Kxg3 a5 36. Rf4 Re8 37. Rf2 g5 38. h4 Re3+ 39. Kh2 gxh4 40. Kg1 h3 41. gxh3 1/2-1/2

[Event "EU-ch rapid"]
[Site "Warsaw"]
[Date "2013.12.14"]
[Round "2"]
[White "Fargere, Francois"]
[Black "Walter, Szymon"]
[Result "1-0"]
[WhiteElo "2446"]
[BlackElo "1956"]
[PlyCount "71"]
[EventDate "2013.12.14"]
[EventType "swiss (rapid)"]
[EventRounds "11"]
[EventCountry "POL"]
[SourceTitle "CBM 157 Extra"]
[Source "ChessBase"]
[SourceDate "2013.12.19"]
[SourceVersion "1"]
[SourceVersionDate "2013.12.19"]
[SourceQuality "1"]

1. e4 c5 2. Nf3 g6 3. c3 Bg7 4. d4 cxd4 5. cxd4 d5 6. e5 Nc6 7. Bb5 Bg4 8. Bxc6+ bxc6 9. Nbd2 Nh6 10. 0-0 0-0 11. Qa4 Qd7 12. h3 Bxf3 13. Nxf3 f6 14. Re1 Rab8 15. b3 Rfc8 16. Bf4 Rb5 17. Rac1 Qb7 18. Qa3 a5 19. Rc2 Qa7 20. exf6 exf6 21. Re7 Qa6 22. Re6 Nf7 23. Qc1 Rb6 24. Qe1 Rf8 25. Bc7 Rb7 26. Rexc6 Qd3 27. Bxa5 Rbb8 28. Qe2 Qf5 29. Qe6 Qd3 30. Rc8 Rbxc8 31. Rxc8 Qb5 32. Rc5 Qd3 33. Qxd5 f5 34. Ne5 Qd1+ 35. Kh2 Bxe5+ 36. dxe5 1-0

[Event "EU-ch rapid"]
[Site "Warsaw"]
[Date "2013.12.14"]
[Round "3"]
[White "Mirski, Stanislaw"]
[Black "Fargere, Francois"]
[Result "0-1"]
[WhiteElo "2139"]
[BlackElo "2446"]
[PlyCount "82"]
[EventDate "2013.12.14"]
[EventType "swiss (rapid)"]
[EventRounds "11"]
[EventCountry "POL"]
[SourceTitle "CBM 157 Extra"]
[Source "ChessBase"]
[SourceDate "2013.12.19"]
[SourceVersion "1"]
[SourceVersionDate "2013.12.19"]
[SourceQuality "1"]

1. d4 d5 2. c4 c6 3. Nc3 Nf6 4. e3 e6 5. Nf3 a6 6. b3 Bb4 7. Bd2 Nbd7 8. Bd3 0-0 9. 0-0 Bd6 10. Qc2 e5 11. cxd5 cxd5 12. dxe5 Nxe5 13. Nxe5 Bxe5 14. h3 Be6 15. f4 Bc7 16. Ne2 Bb6 17. Nd4 Bxd4 18. exd4 Rc8 19. Qb2 Bd7 20. a4 Re8 21. f5 Qb6 22. a5 Qa7 23. Bb4 Bb5 24. Bxb5 axb5 25. Bc5 Qb8 26. b4 Re4 27. Rae1 Rce8 28. Qf2 Qd8 29. Rxe4 dxe4 30. Re1 Nd5 31. Qe2 Qd7 32. Rf1 e3 33. Rf3 f6 34. g3 Qc6 35. Kg2 Nc3 36. Qe1 e2 37. d5 Qxd5 38. Bf2 Nd1 39. g4 Ne3+ 40. Kg3 Nf1+ 41. Kg2 Nd2 0-1

[Event "EU-ch rapid"]
[Site "Warsaw"]
[Date "2012.12.16"]
[Round "11"]
[White "Fargere, Francois"]
[Black "Rjabzev, Konstantin"]
[Result "1-0"]
[WhiteElo "2446"]
[BlackElo "2287"]
[PlyCount "103"]
[EventDate "2012.12.15"]
[EventType "swiss (rapid)"]
[EventRounds "11"]
[EventCountry "POL"]
[SourceTitle "EXT 2014"]
[Source "ChessBase"]
[SourceDate "2013.11.20"]
[SourceVersion "1"]
[SourceVersionDate "2013.11.20"]
[SourceQuality "1"]

1. e4 e5 2. Nf3 Nc6 3. Bb5 a6 4. Bxc6 dxc6 5. 0-0 f6 6. d4 exd4 7. Nxd4 c5 8. Ne2 Qxd1 9. Rxd1 Bd7 10. Nbc3 0-0-0 11. Be3 b6 12. f3 Ne7 13. Kf2 Ng6 14. a4 a5 15. Nd5 Bc6 16. c4 Bd6 17. b3 Rhe8 18. Ra2 Bf8 19. Rad2 Bxd5 20. Rxd5 c6 21. Rxd8+ Rxd8 22. Rxd8+ Kxd8 23. f4 Kd7 24. Nc1 Ne7 25. Nd3 f5 26. Kf3 g6 27. h3 Bg7 28. g4 Ke6 29. Bf2 Nc8 30. e5 Bf8 31. Bh4 Kd7 32. Ke3 Ke6 33. Bf6 h6 34. Kf3 Kd7 35. Ke3 Ke6 36. Bh4 Kd7 37. Ne1 Ke6 38. Nf3 Bg7 39. Bd8 Kd7 40. Bf6 Bxf6 41. exf6 Ke6 42. g5 hxg5 43. fxg5 Nd6 44. Kf4 b5 45. Ne5 b4 46. h4 Ne4 47. Nxc6 Nc3 48. Nd8+ Kd7 49. f7 Ke7 50. h5 Ne2+ 51. Ke5 f4 52. hxg6 1-0

[Event "EU-ch rapid"]
[Site "Warsaw"]
[Date "2012.12.15"]
[Round "7"]
[White "Dziuba, Marcin"]
[Black "Fargere, Francois"]
[Result "1-0"]
[WhiteElo "2602"]
[BlackElo "2446"]
[PlyCount "125"]
[EventDate "2012.12.15"]
[EventType "swiss (rapid)"]
[EventRounds "11"]
[EventCountry "POL"]
[SourceTitle "EXT 2014"]
[Source "ChessBase"]
[SourceDate "2013.11.20"]
[SourceVersion "1"]
[SourceVersionDate "2013.11.20"]
[SourceQuality "1"]

1. d4 d5 2. c4 c6 3. Nf3 Nf6 4. e3 Bg4 5. Qb3 Qb6 6. Nc3 e6 7. Nh4 Bh5 8. h3 Be7 9. g4 Bg6 10. Nxg6 hxg6 11. Bg2 Na6 12. Bd2 Qxb3 13. axb3 Nb4 14. Ke2 Nd7 15. Rhc1 f5 16. Na2 Nxa2 17. Rxa2 a6 18. Raa1 Nf6 19. f3 Kf7 20. Rf1 Rad8 21. Ba5 Rde8 22. Kd3 Nh7 23. Rh1 Bh4 24. e4 Ng5 25. cxd5 exd5 26. exd5 cxd5 27. Bd2 Re7 28. Ra5 Rhe8 29. Rxd5 Re2 30. Rg1 Bf2 31. Rc1 Bh4 32. Rc7+ Kg8 33. f4 Rxg2 34. fxg5 Rg3+ 35. Kc4 Rg2 36. Bc3 Bxg5 37. Rxb7 Be7 38. gxf5 Rc8+ 39. Kd3 Bf6 40. Rc5 Rd8 41. fxg6 Rxg6 42. Kc4 Rh6 43. Ra7 Rh4 44. Rd5 Rc8+ 45. Rc5 Rd8 46. Rxa6 Bxd4 47. Bxd4 Rdxd4+ 48. Kc3 Rdf4 49. Rd6 Rxh3+ 50. Rd3 Rh1 51. b4 Kh7 52. Kb3 Kh6 53. b5 Rhh4 54. Kc3 g5 55. Rg3 g4 56. b6 Rh3 57. Rxh3+ gxh3 58. b7 Rf3+ 59. Kb4 Rf2 60. b3 Rf4+ 61. Rc4 Rf8 62. Rc8 Rf4+ 63. Ka3 1-0

[Event "Guarenas Martinez Memorial"]
[Site "Guarenas"]
[Date "2012.10.26"]
[Round "3"]
[White "Ynojosa Aponte, Felix Jose"]
[Black "Fargere, Francois"]
[Result "1-0"]
[WhiteElo "2327"]
[BlackElo "2467"]
[PlyCount "36"]
[EventDate "2012.10.25"]
[EventType "swiss"]
[EventRounds "9"]
[EventCountry "VEN"]
[SourceTitle "EXT 2013"]
[Source "ChessBase"]
[SourceDate "2012.11.22"]
[SourceVersion "1"]
[SourceVersionDate "2012.11.22"]
[SourceQuality "1"]

1. e4 c6 2. c4 d5 3. cxd5 cxd5 4. exd5 Nf6 5. Bb5+ Nbd7 6. Nc3 a6 7. Bxd7+ Bxd7 8. Nf3 b5 9. Qb3 Rb8 10. a3 a5 11. Ne5 b4 12. axb4 axb4 13. Nxd7 Qxd7 14. d3 Qb7 15. Ne4 Nxd5 16. Qa4+ Qd7 17. Qxd7+ Kxd7 18. Ra7+ Ke8 1-0

[Event "Guarenas Martinez Memorial"]
[Site "Guarenas"]
[Date "2012.10.25"]
[Round "1"]
[White "Martinez Reyes, Pedro Ramon"]
[Black "Fargere, Francois"]
[Result "1/2-1/2"]
[WhiteElo "2200"]
[BlackElo "2467"]
[PlyCount "54"]
[EventDate "2012.10.25"]
[EventType "swiss"]
[EventRounds "9"]
[EventCountry "VEN"]
[SourceTitle "EXT 2013"]
[Source "ChessBase"]
[SourceDate "2012.11.22"]
[SourceVersion "1"]
[SourceVersionDate "2012.11.22"]
[SourceQuality "1"]

1. d4 Nf6 2. c4 g6 3. g3 c6 4. Bg2 d5 5. Nf3 Bg7 6. cxd5 cxd5 7. 0-0 0-0 8. Nc3 Ne4 9. Qb3 Nc6 10. e3 Nxc3 11. bxc3 b6 12. Nd2 e6 13. Ba3 Re8 14. e4 Na5 15. Qd1 Bb7 16. e5 Rc8 17. Rc1 Ba6 18. Re1 Qd7 19. Bb4 Nc4 20. Nxc4 Bxc4 21. a4 a5 22. Bd6 b5 23. Ra1 Ra8 24. Bf1 Bxf1 25. Rxf1 Rec8 26. axb5 Qxb5 27. Qd2 Qc6 1/2-1/2